Termodinámica : analisis exergético /
Salvato in:
| Autori principali: | , , |
|---|---|
| Natura: | Elettronico eBook |
| Lingua: | spagnolo |
| Pubblicazione: |
Barcelona, España :
Editorial Reverté,
[2024]
|
| Soggetti: | |
| Accesso online: | Digitalia Hispánica |
| Tags: |
Aggiungi Tag
Nessun Tag, puoi essere il primo ad aggiungerne!!
|
MARC
| LEADER | 00000nam a2200000Ii 4500 | ||
|---|---|---|---|
| 001 | DIGRVRT0502 | ||
| 003 | NyNyDIG | ||
| 006 | m o d | ||
| 007 | cr ||||||||||| | ||
| 008 | 241203s2024 sp a ob 000 0 spa d | ||
| 035 | |a (OCoLC)1450103049 | ||
| 040 | |a DGITA |b eng |e rda |e pn |c DGITA | ||
| 020 | |a 9788429198027 |q pdf | ||
| 020 | |z 9788429143546 |q papel | ||
| 050 | 1 | 4 | |a QC310.15 ebook |
| 100 | 1 | |a Gómez Ribelles, José Luis, |e author. | |
| 245 | 1 | 0 | |a Termodinámica : |b analisis exergético / |c José Luis Gómez Ribelles, Manuel Monleón Pradas, Amparo Ribes Greus. |
| 264 | 1 | |a Barcelona, España : |b Editorial Reverté, |c [2024] | |
| 300 | |a 1 online resource : |b illustrations. | ||
| 336 | |a text |b txt |2 rdacontent | ||
| 337 | |a computer |b c |2 rdamedia | ||
| 338 | |a online resource |b cr |2 rdacarrier | ||
| 347 | |a text file |2 rdaft | ||
| 347 | |b PDF | ||
| 500 | |a "Laboratorio de Termodinámica y Fisicoquimica, Universidad Politécnica de Valencia"--Cover. | ||
| 504 | |a Includes bibliographical references. | ||
| 588 | 0 | |a Online resource; title from PDF title page (Digitalia, viewed December 3, 2024) | |
| 650 | 0 | |a Thermodynamics. | |
| 700 | 1 | |a Monleón Pradas, Manuel, |e author. | |
| 700 | 1 | |a Ribes Greus, Amparo, |e author. | |
| 791 | 2 | |a Digitalia (Firm), |e distributor. | |
| 793 | 0 | |g Digitalia eBook Collection: |a Editorial Reverté | |
| 776 | 0 | 8 | |i Print version: |a Gómez Ribelles, José Luis. |t Termodinámica. |d Barcelona, España : Editorial Reverté, [1990] |z 9788429143546 |
| 856 | 4 | 0 | |3 Digitalia Hispánica |u https://digitalia.unach.elogim.com/a/160928/ |
| 910 | |a Premium collection: 2024 | ||